Juice WRLD, Robbery Lyrics - Statistics

General Stats
  • This quiz has been taken 2,443 times
  • The average score is 259 of 363
Answer Stats
Lyrics % Correct
I
99%
a
97%
heart
97%
heart,
97%
in
97%
my
97%
to
97%
bag
96%
bag,
96%
put
96%
She
96%
she
96%
and
95%
And
95%
me
95%
told
95%
hurt
94%
nobody
94%
the
94%
get
93%
I'm
93%
love,
90%
love
90%
gets
89%
not
89%
now
89%
Now
89%
it
88%
It
88%
running
88%
from
87%
fast
86%
making
82%
so
82%
So
82%
past
80%
curse
79%
person
79%
whole
79%
worse
79%
different
78%
gift
78%
grave,
78%
her
78%
up
78%
reverse
77%
digging
76%
you
76%
"you
76%
You
76%
but
74%
But
74%
it's
72%
It's
72%
cannot
69%
can't
69%
your
63%
drinking
62%
much,
60%
too
60%
was
60%
Was
60%
on
59%
time
56%
dad
55%
is
55%
Is
55%
when
54%
with
53%
last
52%
let
52%
insecure,"
51%
insecure"
51%
"never
51%
slur
50%
talk
50%
thing
50%
know
49%
said
49%
woke
49%
blur
48%
ended
47%
first"
47%
One
47%
saw
46%
for
45%
Gucci
45%
"Flex
44%
woman
44%
hoe
43%
you're
43%
wrist
41%
iceberg
40%
every
39%
loved
39%
fur,
38%
I'ma
37%
tells
37%
hearse
36%
real?
33%
go
28%
really
27%
do
26%
true?
26%
around
23%
around,
23%
answer,
20%
answer
20%
be
19%
come
17%
don't
17%
home,
17%
home
17%
butterflies
16%
give
16%
they're
16%
gun
15%
hate
15%
paranoid
15%
always
14%
need
14%
rocks
14%
window,
14%
at
13%
drugs
13%
gave
13%
high
13%
runaround
13%
keep
12%
Phone
12%
phone
12%
got
11%
just
11%
leave
11%
manners
11%
throwing
11%
wanna
11%
decide
10%
mind
10%
through
9%
guess
5%
came
4%
No matching quizzes found
Score Distribution
Percent of People with Each Score
Percentile by Number Answered
Your Score History
You have not taken this quiz